000 00797nam a22001577a 4500
003 OSt
005 20151025100048.0
008 151025b xxu||||| |||| 00| 0 eng d
040 _cRUA
082 _aAVM OUK 2013 B108 Or.1
100 _92846
_aOUK, DARA,
245 _aEffect of treatment on diarrhea in suckling piglet at Cambodian pig raisning association in samroung teong district kompong speu province, ប្រសិទ្ធភាពនៃការព្យាបាលជំងឺរេាកកូនជ្រូកនៅកសិដ្ឋានសមាគមន៍អ្នកចិញ្ចឹមជ្រូកស្រុកសំរោងទង ខេត្ដកំពង់ស្ពឺ
260 _aPhnom Penh
_bRUA
_c2013
300 _aviii; 38p.
_bill.
_c29cm.
942 _2ddc
_cAVM
999 _c2664
_d2664